| 000 | 00588nam a2200181Ia 4500 | ||
|---|---|---|---|
| 008 | 100920s9999 xx 000 0 und d | ||
| 082 |
_b3270 _a28 व ... 0 |
||
| 100 | _aगाताडे प्रभाकर. | ||
| 245 | _aमधाची चोरी. | ||
| 260 |
_bशकुन प्रकाशन, पुणे. _c0 |
||
| 300 |
_a27 _bसाधी |
||
| 365 | _b5 | ||
| 520 | _aबा.वि.कादंबरी. | ||
| 630 | _aमधाची चोरी. | ||
| 650 | _aबा.वि.कादंबरी. | ||
| 730 | _aमधाची चोरी. | ||
| 942 | _cBOOK | ||
| 999 |
_c673348 _d673345 |
||